| 000 | 00402nam a22001697a 4500 | ||
|---|---|---|---|
| 003 | MACL | ||
| 005 | 20160114174139.0 | ||
| 008 | 160114b xxu||||| |||| 00| 0 eng d | ||
| 040 | _cMACL | ||
| 041 | _aEnglish | ||
| 082 | _a610/ING | ||
| 100 |
_aIngale Arun _932445 |
||
| 245 | _aBasic Immunology | ||
| 260 |
_aLondon _bNew Central Book Agency _c2010 |
||
| 650 |
_aMedical _932446 |
||
| 942 |
_2ddc _cBK |
||
| 999 |
_c52347 _d52347 |
||